Jugadores que marcaron gol en un clásico (2010 - act.) - Estadísticas

Estadísticas generales
  • Esta prueba ha sido intentada 83 veces
    69 desde el último reinicio
  • La puntuación promedio es 43 de 70
Estadísticas de respuestas
Goles Jugador % Correcto
18 Cristiano Ronaldo
100%
20 Lionel Messi
100%
3 Andrés Iniesta
98%
16 Karim Benzema
98%
11 Luis Suárez
95%
1 Gerard Piqué
93%
1 Luka Modric
93%
3 Sergio Ramos
93%
3 Xavi Hernández
93%
2 Gareth Bale
91%
3 Neymar Jr
91%
7 Vinícius Jr
91%
1 Toni Kroos
88%
5 Kylian Mbappé
84%
2 Marco Asensio
84%
5 Raphinha
84%
2 Ángel Di María
82%
2 Pedri
82%
3 Rodrygo
82%
2 Marcelo
81%
1 Dani Alves
79%
3 Lamine Yamal
79%
1 Casemiro
77%
1 Carles Puyol
75%
3 David Villa
75%
1 Gavi
75%
3 Jude Bellingham
74%
2 Raphaël Varane
74%
5 Pedro
72%
5 Lewandowski
68%
3 Ferran Torres
67%
1 Pepe
65%
3 Fede Valverde
63%
1 Jordi Alba
63%
1 Mariano Díaz
63%
1 Mesut Özil
63%
1 Gonzalo Higuaín
61%
1 Fermín López
60%
1 James Rodríguez
58%
3 Lucas Vázquez
58%
1 Xabi Alonso
58%
2 Ivan Rakitic
56%
1 Luuk De Jong
56%
1 Ibrahimovic
53%
1 Jules Koundé
53%
3 Alexis Sánchez
51%
1 Sami Khedira
49%
1 Sergi Roberto
49%
2 Aubameyang
47%
1 Philippe Coutinho
47%
2 Ansu Fati
44%
1 Álex Balde
42%
1 Arturo Vidal
42%
1 Aurélien Tchouaméni
42%
2 Cesc Fàbregas
42%
1 Aleix Vidal
40%
1 Jérémy Mathieu
40%
1 Franck Kessié
37%
1 Jesé Rodríguez
37%
1 Ronald Araujo
37%
1 David Alaba
35%
1 Sergio Agüero
33%
1 Eric Abidal
32%
1 Eric García
32%
1 Jeffren
26%
1 Marc Bartra
21%
1 Malcom
19%
1 Andreas Christensen
18%
1 Ilkay Gündogan
14%
1 Óscar Mingueza
14%
No se encontraron pruebas coincidentes
Distribución de puntuación
Porcentaje de gente con cada puntuación
Porcentaje por número respondido
Historial de tus puntuaciones
No has intentado esta prueba desde el último reinicio